|
|
|
|
| LEADER |
00975cam a2200229 7i4500 |
| 001 |
0000054580 |
| 005 |
20210616090000.0 |
| 020 |
|
|
|a 9783030206802 (electronic book)
|
| 090 |
0 |
0 |
|a TA347
|b F88 2020
|
| 245 |
0 |
4 |
|a The future of management in an AI world :
|b redefining purpose and strategy in the fourth Industrial Revolution
|c Jordi Canals, Franz Heukamp, editors.
|
| 264 |
|
|
|a Cham:
|b Palgrave Macmillan,
|c 2020.
|
| 300 |
|
|
|a 1 online resource (xxiii, 242 pages):
|b illustrations, color, text file, PDF.
|
| 336 |
|
|
|a text
|2 rdacontent
|
| 337 |
|
|
|a computer
|2 rdamedia
|
| 338 |
|
|
|a online resource
|2 rdacarrier
|
| 650 |
0 |
0 |
|a Artificial intelligence --
|x Industrial applications
|
| 650 |
0 |
0 |
|a Management
|
| 655 |
0 |
0 |
|a Electronic books
|
| 700 |
1 |
|
|a Canal, Jordi
|
| 700 |
1 |
|
|a Heukamp, Franz
|
| 856 |
4 |
2 |
|u http://library.unisel.edu.my/equip-unisel/custom/ebook_catalog/ebook/TheFutureOfManagementInAnAIWorldcompressed.pdf
|
| 999 |
|
|
|a EBO0001212
|b EBOOK
|c EBOOK
|e Electronic resources
|